Film Screenshots - Statistics

General Stats
  • This quiz has been taken 84 times
  • The average score is 10 of 16
Answer Stats
Picture Answer % Correct
The Godfather
99%
The Amazing Spider-Man 2
91%
The Terminator
90%
Home Alone
87%
Batman Forever
80%
Ace Ventura: Pet Detective
75%
Rocky IV
75%
Psycho
74%
Star Wars: the Empire Strikes Back
71%
Back to the Future 2
59%
The Thing
52%
Raiders of the Lost Ark
49%
Murder on the Orient Express
42%
The Dark Crystal
20%
Rock 'N' Roll High School
14%
Scooby-Doo and the Cyber Chase
7%
No matching quizzes found
Score Distribution
Percent of People with Each Score
Percentile by Number Answered
Your Score History
You have not taken this quiz